[Event "XX Sants Open 2018"]
[Site "Cotxeres de Sants"]
[Date "2018.08.22"]
[Round "6"]
[White "Swiercz, Dariusz"]
[Black "Panelo, Marcelo"]
[Result "1-0"]
[WhiteElo "2669"]
[BlackElo "2360"]
[Annotator "TA"]
[PlyCount "91"]
[EventDate "2018.08.17"]
[EventType "swiss"]
[EventCountry "ESP"]
[SourceTitle "playchess.com"]
[Source "ChessBase"]
[SourceQuality "1"]

{[%evp 21,91,12,15,16,15,18,21,20,12,11,25,11,7,8,47,0,56,39,58,57,61,22,141,85,226,220,229,213,373,370,291,297,634,571,610,520,480,322,375,371,375,358,329,281,281,281,281,292,273,187,391,390,799,854,851,857,861,839,800,812,864,842,2320,902,911,639,898,897,880,851,892,887]} 1. e4 c5 2. Nf3 d6 3. Bb5+ Bd7 4. Bxd7+ Qxd7 5. O-O Nf6 6. Qe2 Nc6 7. c3 e6 8. d4 cxd4 9. cxd4 d5 10. e5 Ne4 11. Be3 {B52: Sicilian: Moscow Variation with 3...Bd7} f5 {LiveBook: 5 Games} 12. g3 $146 ({Predecessor:} 12. Rd1 Qf7 13. Nc3 Be7 14. Qb5 Rb8 15. Ne2 a6 16. Qd3 O-O 17. Ne1 Na5 18. b3 h6 {½-½ (29) Rublevsky,S (2687)-Ivanchuk,V (2731) Foros 2006}) 12... Be7 13. Ne1 {The position is equal.} h5 14. f3 Ng5 15. Nd3 Nf7 16. Nc3 g5 17. Rac1 Ncd8 18. a4 a6 (18... Nc6 $11) 19. b4 $36 {[%mdl 2048] White is pushing.} Nh6 20. f4 g4 21. Nc5 Qc8 (21... Bxc5 $1 $11 {keeps the balance.} 22. dxc5 (22. bxc5 Nc6 $16) 22... Nhf7) 22. b5 ({Better is} 22. Nxa6 bxa6 {[#]} 23. Nxd5 $1 {[%mdl 512]}) 22... a5 (22... Bxc5 $16 23. dxc5 Kf8) 23. b6 $18 Nc6 24. Nb5 Bxc5 $2 (24... Kf7 {is a better defense.} 25. Kg2 Kg7) 25. Rxc5 ({Not} 25. dxc5 O-O $16) 25... Nf7 26. Nc7+ Kd7 $2 (26... Kf8 27. Nxa8 Qxa8) 27. Rfc1 Nfd8 28. Qb2 Ke7 29. Bd2 Kf7 30. Nxa8 Qxa8 31. Be1 Qa6 32. Rb5 Kg6 33. Kg2 Rh7 34. Qc3 Qa8 35. Rc5 {[%cal Bb5c5,Bc5c8,Bc8d8,Bd8g8][%mdl 32]} h4 $2 (35... Qa6 36. Rb5 Rg7) 36. gxh4 Nb4 $2 (36... Kh6 37. Bf2 Qa6) 37. Rc8 {White is clearly winning.} Qa6 38. Rxd8 Qe2+ 39. Kg1 Nd3 40. Rg8+ Kh5 41. Qd2 Qe4 42. Rd1 Nxf4 43. Rg5+ Kh6 {[#] ( -> ...Nh3+)} 44. Rxf5 $1 Qxf5 45. Bg3 Rf7 46. Rf1 {Precision: White = 67%, Black = 33%.} 1-0

[Event "XX Sants Open 2018"]
[Site "Cotxeres de Sants"]
[Date "2018.08.22"]
[Round "6"]
[White "Nisipeanu, Liviu Dieter"]
[Black "Demchenko, Anton"]
[Result "1/2-1/2"]
[WhiteElo "2657"]
[BlackElo "2670"]
[Annotator "TA"]
[PlyCount "73"]
[EventDate "2018.08.17"]
[EventType "swiss"]
[EventCountry "ESP"]
[SourceTitle "playchess.com"]
[Source "ChessBase"]
[SourceQuality "1"]

{[%evp 27,73,7,12,7,14,13,21,0,11,11,11,7,8,11,10,2,6,5,2,4,6,5,3,4,8,0,0,0,4,4,6,8,7,0,0,0,0,0,4,0,0,0,0,0,0,0,0,0]} 1. e4 e5 2. Nf3 Nc6 3. Nc3 Nf6 4. d4 exd4 5. Nxd4 Bb4 6. Nxc6 bxc6 7. Bd3 O-O 8. O-O d5 9. exd5 cxd5 10. h3 c6 11. Qf3 Rb8 12. Bg5 Bd6 13. b3 {C47: Scotch Four Knights and Four Knights with 4 g3} (13. Rab1 h6 14. Bf4 Be6 15. Ne2 c5 16. c3 Re8 17. Rfd1 Rb6 18. Bc2 Bxf4 19. Nxf4 Qb8 20. b3 a5 21. Re1 {1-0 (33) Dubov,D (2694)-Matlakov,M (2709) Moscow 2018}) 13... Be5 14. Bf4 Bxf4 {LiveBook: 3 Games. The position is equal.} 15. Qxf4 Be6 16. Na4 Qa5 17. Rfe1 c5 $146 ({Predecessor:} 17... Rfd8 18. Qe5 h6 19. Re3 c5 {½-½ (43) Kagramanianz,V (2269)-Belunek,V (2213) Lvov 2017}) 18. c4 dxc4 19. Bxc4 Bxc4 20. Qxc4 Rb4 21. Qc2 c4 22. Nb2 cxb3 23. axb3 Qb5 24. Re3 Qb8 25. Nc4 Rc8 26. Rg3 Rb6 27. Re1 Ra6 28. Qd2 Re8 29. Rxe8+ Nxe8 30. Re3 Ra1+ 31. Re1 Rxe1+ 32. Qxe1 Kf8 33. Qe3 Qc7 34. Qd4 Qb7 35. Qc3 Qc7 36. Qd3 Nf6 37. Qd4 {Precision: White = 64%, Black = 87%.} 1/2-1/2

[Event "XX Sants Open 2018"]
[Site "Cotxeres de Sants"]
[Date "2018.08.22"]
[Round "6"]
[White "Gledura, Benjamin"]
[Black "Vaibhav, Suri"]
[Result "1/2-1/2"]
[WhiteElo "2626"]
[BlackElo "2561"]
[Annotator "TA"]
[PlyCount "57"]
[EventDate "2018.08.17"]
[EventType "swiss"]
[EventCountry "ESP"]
[SourceTitle "playchess.com"]
[Source "ChessBase"]
[SourceQuality "1"]

{[%evp 20,57,15,6,29,12,23,22,33,27,64,0,0,0,0,-45,-18,-31,0,0,0,-14,-9,-27,-24,-30,-36,-31,0,-44,0,0,28,0,0,0,0,-27,-23,-26]} 1. e4 c6 2. d4 d5 3. e5 Bf5 4. Nd2 e6 5. Nb3 Nd7 6. Nf3 c5 {B12: Caro-Kann: Advance Variation} 7. dxc5 Bxc5 8. Nxc5 Nxc5 9. Bb5+ Nd7 10. Nd4 Ne7 11. O-O {LiveBook: 3 Games} a6 $146 ({Predecessor:} 11... O-O 12. Re1 Nc5 13. Bg5 Bg6 14. c4 {0-1 (49) Nedev,T (2484)-Mamedyarov,S (2761) Baku 2016}) 12. Nxf5 Nxf5 13. Bd3 Ne7 {[%cal Bf5e7,Be7c6,Bc6e5][%mdl 32]} 14. Qg4 Qc7 15. Re1 (15. Qxg7 $14 Qxe5 16. Qh6) 15... Nxe5 $11 16. Qg3 $1 ({Much weaker is} 16. Qxg7 Nf3+ 17. gxf3 Rg8 $17) 16... f6 17. Bf4 N7c6 18. c4 d4 ({But not} 18... dxc4 $6 {[#]} 19. Bxc4 $1 {[%mdl 512]} Qe7 20. Qh3 $14) 19. Be4 Qd7 20. Qh3 Kf7 21. Bxe5 Nxe5 22. Rad1 Rad8 23. c5 g5 24. Qb3 Nc6 25. Rd2 Kg7 26. Bxc6 (26. h4 $5) 26... Qxc6 27. Rxe6 Rhe8 28. Rxe8 Rxe8 {[%cal Re8e1] [#]} 29. Rd1 {Precision: White = 48%, Black = 40%.} 1/2-1/2

[Event "XX Sants Open 2018"]
[Site "Cotxeres de Sants"]
[Date "2018.08.22"]
[Round "6"]
[White "Petrov, Nikita"]
[Black "Buscara, Sevan"]
[Result "1-0"]
[WhiteElo "2591"]
[BlackElo "2432"]
[Annotator "TA"]
[PlyCount "85"]
[EventDate "2018.08.17"]
[EventType "swiss"]
[EventCountry "ESP"]
[SourceTitle "playchess.com"]
[Source "ChessBase"]
[SourceQuality "1"]

{[%evp 18,85,22,20,47,25,26,20,50,39,72,50,116,48,110,95,90,81,139,158,137,124,181,167,120,157,272,261,264,302,272,304,291,301,297,279,259,281,254,229,485,577,556,546,680,622,1108,720,726,687,683,681,683,668,650,645,488,359,670,653,1004,956,2008,1595,2168,1414,29995,29996,29996,934]} 1. Nf3 d5 2. d4 Nf6 3. Bf4 c5 4. e3 Nc6 5. Nbd2 cxd4 6. exd4 Bg4 7. c3 e6 {B13: Caro-Kann (Abtausch-Variante 4.c4)} 8. Qb3 Qc8 9. Ne5 Nxe5 10. Bxe5 {LiveBook: 4 Partien} Nd7 11. Bg3 Be7 12. Bd3 a6 $146 ({Vorgänger:} 12... Bh5 13. O-O Bg6 14. Bxg6 hxg6 15. c4 {0-1 (55) Levin,F (2530)-Van Wely,L (2658) Helmond 2016}) 13. O-O Bh5 14. c4 Bg5 ({Lieber} 14... Nf6 $1 $14) 15. Qc2 (15. cxd5 $16 Bxd2 16. dxe6) 15... Bg6 (15... h6 $14) 16. f4 $1 $16 {[%cal Rf4g5,Bf2f4,Bf4f5][%mdl 32]} Bf6 17. f5 $1 $36 {[%cal Rf5g6][%mdl 2048] Läuft bei Weiss.} Bxd4+ (17... exf5 $142 18. Rae1+ Kf8) 18. Kh1 $1 exf5 19. Bd6 ({Und nicht} 19. cxd5 O-O $17) 19... Qc6 (19... Nf8 $16 {war angesagt.}) 20. Rfe1+ $18 {[%mdl 1024] Weiss hat starke Kompensation.} Kd8 {[#]} 21. Be7+ $1 Kc7 {[#]} (21... Kc8 $16 {ist eine bessere Verteidigung.}) 22. Nb3 $1 {[%cal Rb3d4,Bd2b3,Bb3a5,Ba5c4][%mdl 32]} Bf6 23. Na5 Qb6 24. cxd5+ Kb8 25. Nc4 Qd4 26. Rad1 Rc8 27. Bd6+ Ka7 28. Bf1 Qg4 $2 (28... Rxc4 {ist wohl besser.} 29. Bxc4 Qxb2 30. Qxb2 Bxb2) 29. Qf2+ b6 30. h3 Qh5 31. a4 {[%cal Ba2a4,Ba4a5][%mdl 32] zielt auf Sxb6! ab.} f4 32. a5 {[%cal Ra5b6]} Rxc4 33. Bxc4 Be4 34. axb6+ ({Nicht} 34. Rxe4 Qxd1+ 35. Re1 Qa4 $18) 34... Kb7 35. Bxf4 Qxh3+ 36. Kg1 Qf5 37. Bc7 Qg6 $2 (37... Qxf2+ 38. Kxf2 Bc2) 38. Qe2 Nc5 39. b4 Nd3 40. Qxe4 Nxe1 41. Rxe1 Re8 {[#]} 42. Bxa6+ $1 Kxa6 43. Qc4+ {Precision: Weiß = 79%, Schwarz = 26%.} 1-0

[Event "XX Sants Open 2018"]
[Site "Cotxeres de Sants"]
[Date "2018.08.22"]
[Round "6"]
[White "Esipenko, Andrey"]
[Black "Moroni, Luca Jr"]
[Result "1/2-1/2"]
[WhiteElo "2589"]
[BlackElo "2547"]
[Annotator "TA"]
[PlyCount "96"]
[EventDate "2018.08.17"]
[EventType "swiss"]
[EventCountry "ESP"]
[SourceTitle "playchess.com"]
[Source "ChessBase"]
[SourceQuality "1"]

{[%evp 15,96,38,35,32,51,35,83,66,91,78,98,93,107,75,100,65,48,35,47,17,31,0,0,0,5,3,10,6,10,20,43,45,2,0,5,0,0,4,137,0,0,0,20,14,14,0,22,-19,0,-112,-98,-99,-83,-132,-121,-158,-175,-166,-160,-172,-139,-158,-144,-129,-50,-154,-155,-74,-141,-162,-156,-154,-123,-94,-118,-104,-27,-27,0,-128,0,-29,0]} 1. d4 d5 2. c4 e6 3. Nc3 Nf6 4. cxd5 exd5 5. Bg5 c6 6. e3 h6 7. Bh4 Be6 {D35: Damengambit (Abtauschvariante)} (7... Be7 8. Bd3 Nbd7 9. f3 O-O 10. Nge2 b5 11. O-O Nb6 12. Bf2 a5 13. Ng3 b4 14. Nce2 c5 15. dxc5 Bxc5 16. Rc1 {1-0 (51) Harikrishna,P (2750)-Adams,M (2747) Moscow 2017 CBM 179 [Hillarp Persson,T]}) 8. Bd3 Nbd7 {LiveBook: 10 Partien} 9. f3 $146 ({Vorgänger:} 9. Nge2 g5 10. Bg3 Nh5 11. Qc2 Nxg3 12. Nxg3 h5 13. O-O-O h4 14. Nf5 Qa5 15. Kb1 {1-0 (41) Flear,G (2444)-Delorme,A (2527) Brest 2018}) 9... g5 {Weiß steht etwas besser.} 10. Bf2 Bg7 11. Nge2 {[%cal Bg1e2,Be2g3,Bg3f5][%mdl 32]} Nb6 12. Qc2 Qd7 13. a4 a5 14. Ng3 h5 {[%cal Bh6h5,Bh5h4][%mdl 32]} 15. Nf5 Bf8 $1 16. b3 Nc8 17. O-O-O Ne7 18. Ng3 h4 19. Nge2 g4 20. h3 g3 21. Be1 Nf5 22. Bd2 Bh6 23. Bxf5 $1 Bxf5 24. e4 {Droht Lxh6 und aus.} Bxd2+ 25. Qxd2 dxe4 26. Qg5 Nh7 (26... Qe6 $11 27. Kb2 Rh5) 27. Qg7 ({Günstiger ist} 27. Qf4 $1 $16 {[%cal Rf4e5] Und weiter mit De5+ wäre nett.} Qe6 28. fxe4) 27... O-O-O $36 {[%mdl 2048] Und ...exf3 würde nun gewinnen. Schwarz hat Initiative.} 28. fxe4 f6 29. Qxd7+ Bxd7 30. Rhf1 Rde8 31. Rf4 Ng5 32. Ng1 (32. Kc2 $11 {bleibt in der Remisbreite.}) 32... b5 $1 $17 33. axb5 cxb5 {[%cal Bc6b5,Bb5b4][%mdl 32]} 34. Re1 {[#]} f5 $1 {[%mdl 512]} 35. Nf3 (35. exf5 Rxe1+) 35... Nxf3 36. Rxf3 b4 37. Nd5 Rxe4 ({Finger weg von} 37... fxe4 38. Rf4 $17) 38. Rxe4 fxe4 $19 {[%mdl 4096] Endspiel KTL-KTS} 39. Rf6 Bb5 (39... Rd8 $17 {Weiss muss nun ...Lxh3! beachten.} 40. Ne3 Kc7) 40. Ne3 {[#]} (40. Rf5 $15) 40... Kb7 $1 $17 41. Rf7+ Kb8 (41... Kc6 $142) 42. Rf5 {[#]} Rc8+ $1 43. Kb2 Bd7 44. Rf4 Rc3 45. Rxe4 Rd3 (45... Bc6 $17 46. d5 Bb5) 46. Kc2 $1 $11 {[%cal Rc2d3]} Rc3+ (46... Bb5 $11) 47. Kb2 $17 Rd3 ({Besser ist} 47... Bc6 $17 48. d5 Bb5) 48. Kc2 $1 $11 {[%cal Rc2d3]} Rc3+ {Precision: Weiß = 49%, Schwarz = 48%.} 1/2-1/2

[Event "XX Sants Open 2018"]
[Site "Cotxeres de Sants"]
[Date "2018.08.22"]
[Round "6"]
[White "Cruz, Cristhian"]
[Black "Cuartas, Jaime Alexander"]
[Result "1/2-1/2"]
[WhiteElo "2571"]
[BlackElo "2499"]
[Annotator "TA"]
[PlyCount "75"]
[EventDate "2018.08.17"]
[EventType "swiss"]
[EventCountry "ESP"]
[SourceTitle "playchess.com"]
[Source "ChessBase"]
[SourceQuality "1"]

{[%evp 22,75,38,43,43,30,22,21,16,0,0,0,0,0,6,3,5,0,23,22,22,10,28,23,27,12,29,13,29,11,31,12,27,9,34,18,35,18,18,22,14,22,30,12,12,12,4,11,8,7,8,0,0,0,14,0]} 1. d4 Nf6 2. c4 e6 3. Nc3 Bb4 4. Qc2 d5 5. cxd5 exd5 6. Nf3 O-O 7. Bg5 h6 8. Bh4 Nbd7 9. e3 c5 10. Be2 {E35: Nimzo-Indian: Classical: 4...d5 5 cxd5 exd5} (10. Bd3 c4 11. Bf5 Nb6 12. g4 g5 13. Bg3 Bxf5 14. gxf5 Ne4 15. Nd2 Qe7 16. Ke2 Nxd2 17. Kxd2 Qe4 18. h4 {0-1 (39) Van Wely,L (2677)-Mamedyarov,S (2752) Dortmund 2008 CBM 125 [Krasenkow,M]}) 10... Qa5 11. O-O Bxc3 12. bxc3 {LiveBook: 4 Games. White is slightly better.} b6 13. Rfc1 $146 ({Predecessor:} 13. dxc5 Qxc5 14. a4 {1-0 (46) Stocek,J (2567)-Krush,I (2495) Las Vegas 2010}) 13... Ba6 14. Bxa6 Qxa6 15. Bxf6 Nxf6 16. dxc5 bxc5 17. c4 Rac8 18. cxd5 Nxd5 19. Qf5 Qe6 (19... Nb4 {looks sharper.} 20. h3 c4 21. Rab1 Nd3 22. Rc2 Qa4) 20. Qxe6 fxe6 21. Rc2 Rc7 22. Rac1 Rfc8 23. a3 Kf7 24. Kf1 Ke7 25. Ke2 Nb6 26. Nd4 Nd7 27. f4 Rf8 28. Rc3 Rb8 29. R1c2 Rb6 30. Nb3 {[%cal Rb3c5]} Ra6 31. Nd2 Ra4 32. Kf3 Nb6 {The position is equal.} 33. Rxc5 Rxc5 34. Rxc5 Rxa3 35. Rc7+ Kf8 36. Rc6 Ke7 37. Rc7+ Kf8 38. Rc6 {Precision: White = 41%, Black = 44%.} 1/2-1/2

[Event "XX Sants Open 2018"]
[Site "Cotxeres de Sants"]
[Date "2018.08.22"]
[Round "6"]
[White "Martinez Alcantara, Jose Eduardo"]
[Black "Sardana, Rishi"]
[Result "1/2-1/2"]
[WhiteElo "2561"]
[BlackElo "2407"]
[Annotator "TA"]
[PlyCount "60"]
[EventDate "2018.08.17"]
[EventType "swiss"]
[EventCountry "ESP"]
[SourceTitle "playchess.com"]
[Source "ChessBase"]
[SourceQuality "1"]

{[%evp 36,60,8,10,16,16,16,14,19,15,16,-16,-9,-16,-13,-8,0,0,0,-6,-5,-3,6,-6,-6,-10,0]} 1. e4 e5 2. Nf3 Nc6 3. Bb5 a6 4. Ba4 Nf6 5. O-O Be7 6. Re1 b5 7. Bb3 d6 8. c3 O-O 9. h3 Nb8 10. d4 Nbd7 11. Nbd2 Bb7 12. Bc2 Re8 13. Nf1 Bf8 14. Ng3 g6 15. a4 Nb6 16. b3 bxa4 {C95: Closed Ruy Lopez: Breyer Variation with 10 d4} 17. bxa4 a5 18. Rb1 Ba6 19. Bb3 {LiveBook: 4 Games. The position is equal.} Bc4 20. Bxc4 Nxc4 {[#]} 21. Bg5 $146 {[#] And now Qd3 would win.} ({Predecessor:} 21. Qe2 Nb6 22. Qa2 Qd7 23. Bg5 Bg7 24. Rb5 {1-0 (43) Saric,I (2689)-Thybo,J (2497) Helsingor 2018}) 21... Bg7 22. Qb3 Nb6 $1 {[%cal Bc4b6,Bb6d7,Bd7c5][%mdl 32]} 23. d5 Qd7 24. Ra1 Reb8 25. Qa2 c6 {[%cal Rc6d5]} 26. c4 Qc7 27. Reb1 Nbd7 28. Be3 Rb4 29. Rxb4 axb4 30. a5 Nc5 {Precision: White = 59%, Black = 94%.} 1/2-1/2

[Event "XX Sants Open 2018"]
[Site "Cotxeres de Sants"]
[Date "2018.08.22"]
[Round "6"]
[White "Volkov, Sergey"]
[Black "Heimann, Andreas"]
[Result "1/2-1/2"]
[WhiteElo "2557"]
[BlackElo "2590"]
[Annotator "TA"]
[PlyCount "45"]
[EventDate "2018.08.17"]
[EventType "swiss"]
[EventCountry "ESP"]
[SourceTitle "playchess.com"]
[Source "ChessBase"]
[SourceQuality "1"]

{[%evp 26,45,9,11,12,18,27,16,24,24,23,0,0,-12,0,-17,-14,-22,0,-37,-31,-38]} 1. d4 Nf6 2. c4 g6 3. Nc3 d5 4. Nf3 Bg7 5. Qb3 dxc4 6. Qxc4 O-O 7. e4 a6 8. Be2 b5 9. Qb3 c5 10. dxc5 Nbd7 11. e5 {D97: Grünfeld: Russian System: 7 e4, replies other than 7...Bg4} Nxc5 12. Qb4 Nfd7 13. O-O (13. Be3 a5 14. Qh4 e6 15. Qxd8 Rxd8 16. Nxb5 Bb7 17. Rc1 Ne4 18. Bd4 g5 {½-½ (49) Ivanchuk,V (2710)-Svidler,P (2753) Jerusalem 2018}) 13... Bb7 14. Rd1 {[#] LiveBook: 9 Games} Ne6 $146 ({Predecessor:} 14... a5 15. Qh4 b4 16. Nd5 Bxd5 17. Rxd5 e6 18. Bg5 Qc7 19. Rd2 {½-½ (69) Brookes,J (2554)-Koesebay,O (2512) ICCF email 2009}) 15. a4 Qc8 16. axb5 axb5 17. Rxa8 Bxa8 18. Qxb5 Bc6 19. Qa5 Bxf3 20. Bxf3 Nxe5 21. Bd5 Nc5 22. Qb5 (22. Bg5 $5 {[%cal Rg5e7]} Bf6 23. Bh6 $14) 22... e6 23. Be3 1/2-1/2

[Event "XX Sants Open 2018"]
[Site "Cotxeres de Sants"]
[Date "2018.08.22"]
[Round "6"]
[White "Guerra Mendez, Jose Angel"]
[Black "Shyaamnikhil, P."]
[Result "1/2-1/2"]
[WhiteElo "2550"]
[BlackElo "2389"]
[Annotator "TA"]
[PlyCount "133"]
[EventDate "2018.08.17"]
[EventType "swiss"]
[EventCountry "ESP"]
[SourceTitle "playchess.com"]
[Source "ChessBase"]
[SourceQuality "1"]

{[%evp 29,133,6,0,-12,0,0,0,-9,-8,-5,0,0,0,-7,0,-40,-7,-11,0,-92,-89,-90,-68,-53,0,-47,0,0,0,0,0,0,0,-51,-47,-65,-24,-41,0,-75,-31,-59,-59,-108,-89,-102,-76,-89,26,26,33,33,63,63,146,143,129,137,172,50,45,28,83,75,76,76,76,81,91,81,89,81,93,83,228,57,286,281,228,216,878,476,1004,1004,1004,1004,1301,1263,1486,1604,1450,318,2417,1946,1425,318,1873,0,1274,1206,1045,605,756,306,29977,29977]} 1. e4 c5 2. Nf3 d6 3. d4 Nf6 4. Nc3 cxd4 5. Nxd4 Nc6 6. Bg5 e6 7. Qd2 a6 8. O-O-O Bd7 9. f4 b5 10. Bxf6 gxf6 11. Kb1 Qb6 12. Nxc6 Bxc6 13. Bd3 b4 14. Ne2 {[%cal Bc3e2,Be2g3,Bg3f1,Bf1d2,Bd2e4][%mdl 32]} h5 {B67: Sicilian: Richter-Rauzer: 7...a6 8 0-0-0 Bd7, lines without 9 f4 Be7} 15. Rhf1 (15. f5 Bh6 16. Qe1 e5 17. Ng3 h4 18. Nf1 Ke7 19. Bc4 Qc5 20. Bd3 a5 21. Nd2 a4 22. Nc4 {0-1 (36) Kryvoruchko,Y (2678)-Ivanchuk,V (2731) Tromsoe 2013}) 15... a5 {LiveBook: 11 Games} 16. Rf3 Be7 {The position is equal.} 17. f5 $146 ({Predecessor:} 17. Ng3 h4 18. Nf1 f5 19. Re3 fxe4 20. Bxe4 d5 21. Bf3 O-O-O 22. Ree1 {0-1 (55) Collas,D (2365)-Baklan,V (2571) Metz 2000}) 17... e5 $1 18. Ng3 Rd8 19. Qe2 h4 20. Nf1 d5 21. Nd2 Kf8 22. Rh3 dxe4 23. Nxe4 a4 {[%cal Ba5a4,Ba4a3][%mdl 32]} 24. Re1 (24. Qe1 $11) 24... a3 $17 25. Qe3 Rd4 26. b3 Qd8 (26... Bc5 $15 27. Qe2 (27. Nxf6 e4 $17) 27... Bxe4 28. Bxe4 Ke7) 27. Qe2 Qd7 28. Qg4 Bxe4 29. Rxe4 Rxe4 30. Qxe4 Qa7 $40 {[%mdl 128] Black is up to no good.} 31. Qe3 (31. Kc1 $11) 31... Bc5 $15 32. Qe1 Bd6 33. Qe3 Bc5 34. Qe1 Qb6 35. Be4 ({But not} 35. Rxh4 Rxh4 36. Qxh4 Bd6 $19) 35... Ke7 36. c3 Bf2 37. Qc1 Rc8 38. Rd3 Rxc3 (38... bxc3 $17 39. Rxc3 (39. Qxa3+ Bc5 $19) 39... Rxc3 40. Qxc3 Bc5) 39. Rxc3 $11 bxc3 40. Qxa3+ Kd7 41. Qf8 Qa6 (41... Bc5 $14 42. Qxf7+ Kd8) 42. Qxf7+ $16 Kd8 43. Qd5+ $1 Kc7 44. Bd3 (44. b4 $1 $18) 44... c2+ $14 45. Bxc2 {Strongly threatening b4.} Qf1+ (45... Bd4 $11 {keeps the balance.} 46. Qc4+ (46. Qf7+ Kd8 $14) 46... Qxc4 47. bxc4 Kd6) 46. Bd1 $16 Bd4 {[%cal Rf1d1]} 47. Qc4+ Qxc4 48. bxc4 {[%mdl 4096] Endgame KB-KB} Bg1 49. h3 Kd6 50. Kc2 e4 51. Kb3 Kc5 (51... Bd4 $16) 52. a4 $2 (52. Bc2 $1 $18) 52... Bh2 $2 ({Black should play} 52... Bf2 $14) 53. Bc2 $1 $18 {[%cal Rc2e4]} e3 {[#] ( -> ...e2)} 54. Kc3 $1 e2 $2 (54... Bg3 55. Bd1 Be5+ 56. Kd3 Kb4 57. Kxe3 Kxc4 58. Be2+ Kb4) 55. Kd2 Kxc4 (55... e1=R $142) 56. Kxe2 Bg3 57. Kf3 Be1 58. Kg4 Kc5 59. Kh5 Kd6 60. Kg6 Ke7 $2 (60... Bc3 61. a5 Ke5) 61. Be4 Bc3 62. Kg7 Kd6 $2 {[#]} (62... Be1 63. g4 Bc3) 63. Kg6 $2 (63. g3 $1 $18 Be1 (63... hxg3 64. Bg2) 64. Kxf6 Bxg3 65. a5) 63... Ke5 $2 {[%mdl 8192]} (63... Ke7 $11) 64. Bb7 Be1 65. Ba8 Bc3 {[#]} 66. g3 $1 hxg3 $2 (66... Be1 $18 67. g4 Bb4) 67. h4 {[%mdl 32768] Precision: White = 55%, Black = 23%. . An unexpected result.} 1/2-1/2

[Event "XX Sants Open 2018"]
[Site "Cotxeres de Sants"]
[Date "2018.08.22"]
[Round "6"]
[White "Sviridov, Valery"]
[Black "Moussard, Jules"]
[Result "1/2-1/2"]
[WhiteElo "2528"]
[BlackElo "2566"]
[Annotator "TA"]
[PlyCount "62"]
[EventDate "2018.08.17"]
[EventType "swiss"]
[EventCountry "ESP"]
[SourceTitle "playchess.com"]
[Source "ChessBase"]
[SourceQuality "1"]

{[%evp 21,62,44,55,54,58,59,52,51,39,31,46,49,42,26,51,27,53,26,57,79,84,22,5,0,0,0,0,0,0,0,0,0,0,0,0,0,0,0,0,0,0,0,4]} 1. Nf3 Nf6 2. c4 d6 3. g3 g6 4. Bg2 Bg7 5. O-O O-O 6. Nc3 e5 7. d4 Nbd7 8. Qc2 exd4 9. Nxd4 Re8 10. Rd1 Nc5 11. e4 Bd7 {LiveBook: 3 Partien. E67: Königsindisch (Hauptvariante des g3-Systems ohne e2-e4)} (11... Qe7 12. Bg5 c6 13. Qd2 a5 14. Re1 Qc7 15. Rad1 a4 16. Bh6 Bh8 17. Bf4 Nfd7 18. Nf5 gxf5 19. Bxd6 {1-0 (31) Tkachiev,V (2634)-Feller,S (2626) Nancy 2015}) 12. f3 Qc8 13. Be3 {[#]} Bh3 $146 {Weiß steht etwas besser.} ({Vorgänger:} 13... a6 14. Rac1 Bh3 15. Bh1 Nfd7 16. Nd5 Ne5 17. b4 Ne6 18. Bg2 Bxg2 19. Kxg2 a5 20. b5 b6 21. h3 Nc5 {0-1 (59) Fominyh,A (2530)-Frolov,A (2510) Alushta 1992}) 14. Bxh3 Qxh3 15. Ndb5 Qc8 16. b4 Ne6 17. Nxa7 Rxa7 18. Bxa7 {[#] Droht Le3 und aus.} b6 19. a4 {a5 ist eine echte Drohung.} Qa6 20. Nb5 {zielt auf a5 ab.} Nd7 21. Ra3 (21. Ra2 $16) 21... c6 $1 $11 {[%cal Rc6b5] Die Stellung ist ausgeglichen.} 22. Rxd6 Ne5 23. Rxe6 $1 Rxe6 24. Nc7 $1 {[%cal Rc7a6]} Qxa7 25. Nxe6 fxe6 26. Kg2 c5 27. bxc5 Qe7 28. Qa2 Qxc5 29. a5 $1 {[%cal Ra5a6]} bxa5 ({Vergiftet wäre} 29... Nxc4 $2 30. a6 $18) 30. Rxa5 Qe3 31. Ra3 Qc5 {Precision: Weiß = 64%, Schwarz = 82%.} 1/2-1/2

[Event "XX Sants Open 2018"]
[Site "Cotxeres de Sants"]
[Date "2018.08.22"]
[Round "6"]
[White "Gukesh D"]
[Black "Bofill Mas, Alejandro"]
[Result "1-0"]
[WhiteElo "2440"]
[BlackElo "2323"]
[Annotator "TA"]
[PlyCount "79"]
[EventDate "2018.08.17"]
[EventType "swiss"]
[EventCountry "ESP"]
[SourceTitle "playchess.com"]
[Source "ChessBase"]
[SourceQuality "1"]

{[%evp 16,79,16,12,10,0,27,32,45,15,16,18,28,11,1,18,25,19,0,0,20,22,35,10,6,-4,27,19,46,18,43,50,42,46,27,27,53,53,92,80,106,82,84,86,171,165,175,188,29979,29980,29981,29982,29982,29983,29983,29984,29984,29985,29985,29986,29983,29984,29982,29982,29991,29975]} 1. e4 c5 2. Nf3 e6 3. g3 Nc6 4. Bg2 Nf6 5. Qe2 (5. d3 d5 6. Nbd2 Be7 7. O-O O-O 8. Re1 b5 9. e5 Nd7 10. Nf1 Bb7 11. h4 Qc7 12. Bf4 Rfc8 13. Ne3 Qd8 14. Ng4 Bf8 15. Bg5 Qe8 16. c3 h6 17. Bf4 a5 18. Qd2 b4 19. c4 Ne7 20. h5 {1-0 (59) Kuzubov,Y (2699)-Grischuk,A (2772) Riadh 2017}) 5... e5 6. O-O {B40: Sizilianisch (Klassisches System mit e7-e6)} d6 7. c3 Be7 8. Na3 {[%cal Bb1a3,Ba3c4,Bc4e3,Be3g4][%mdl 32]} O-O 9. d3 {LiveBook: 17 Partien} Rb8 10. Nc4 $146 ({Vorgänger:} 10. Rd1 b5 11. d4 exd4 12. cxd4 c4 13. b3 d5 14. Ne5 Nxe5 15. dxe5 Bg4 16. f3 Nxe4 17. Nb1 Bc5+ 18. Be3 Qb6 19. Re1 Bh5 {½-½ (19) Bruedigam,M (2402)-Uksini,B (2363) Germany 2017}) 10... Ne8 11. Ne3 Nc7 12. h3 Be6 13. Rd1 Qc8 14. Kh2 Bf6 15. Ng4 Be7 16. d4 exd4 17. cxd4 Bxg4 18. hxg4 Ne6 {[%cal Re6d4]} 19. dxc5 dxc5 20. Be3 Rd8 21. g5 Ncd4 22. Nxd4 (22. Bxd4 $5 cxd4 23. Rac1 $11) 22... Nxd4 23. Bxd4 Rxd4 24. Rxd4 cxd4 25. f4 Qc5 26. e5 Qb6 27. Be4 h6 28. gxh6 Qxh6+ 29. Kg2 Qb6 (29... Qa6 $16 30. Kf3 Qxe2+ 31. Kxe2 b5) 30. Rh1 $18 {Und Dh5 würde nun gewinnen.} g6 31. f5 {Droht stark fxg6.} Bg5 $2 (31... d3 $18 32. Bxd3 Rd8 33. fxg6 fxg6) 32. fxg6 {Weiß setzt Matt.} fxg6 33. Qg4 ({Nicht} 33. Bd5+ Kg7 $16) 33... Qxb2+ 34. Kh3 Qxa2 35. Qxg5 Qe6+ 36. Kg2 Qa2+ {[#]} 37. Kg1 $1 Qa1+ 38. Kh2 Qa2+ {[#]} 39. Bg2 $1 Qe6 {[#]} 40. Bd5 $1 {[%mdl 512] Precision: Weiß = 72%, Schwarz = 35%.} 1-0